[Event "23rd European Women Club Cup 2018"]
[Site "Halkidiki"]
[Date "2018.10.16"]
[Round "5"]
[White "Socko, Monika"]
[Black "Belenkaya, Dina"]
[Result "1-0"]
[WhiteElo "2451"]
[BlackElo "2329"]
[Annotator "TA"]
[PlyCount "107"]
[EventDate "2018.10.12"]
[EventType "team-tourn"]
[EventCountry "GRE"]
[SourceTitle "playchess.com"]
[Source "ChessBase"]
[SourceQuality "1"]
[WhiteTeam "Monte-Carlo"]
[BlackTeam "SSHOR"]

{[%evp 16,107,35,27,29,22,32,11,36,12,27,26,28,12,20,0,0,0,0,-1,6,-34,4,-4,23,28,185,202,206,193,233,203,258,260,325,301,331,324,337,308,310,311,957,956,814,548,528,537,540,524,677,669,647,624,616,609,598,593,825,767,1262,1061,1017,972,972,1940,1569,988,1376,966,1669,1670,6608,6303,5197,3194,6552,6552,5373,5028,29971,29971,29974,29976,29974,29976,29976,29976,29981,29979,29979,29979,29984,29985]} 1. c4 e5 2. g3 Nc6 3. Bg2 a6 (3... g6 4. Nc3 Bg7 5. Rb1 a5 6. a3 d6 7. b4 axb4 8. axb4 Nf6 9. b5 Ne7 10. Nf3 O-O 11. O-O Bf5 12. d3 Qd7 13. Bg5 c6 14. bxc6 bxc6 15. c5 Ned5 16. Nxd5 Nxd5 17. Qc2 dxc5 {½-½ (58) Svidler,P (2753)-Yu,Y (2759) Shenzhen 2018}) 4. Nc3 Bc5 5. e3 d6 6. Nge2 {A20: English Opening: 1...e5} Nge7 7. O-O Ba7 8. d4 exd4 9. exd4 {LiveBook: 7 Games} Nf5 {[%cal Rf5d4]} 10. Be3 O-O 11. Qd2 Bd7 $146 ({Predecessor:} 11... Nce7 12. Rae1 c6 13. Nf4 {1-0 (27) Miezis,N (2572)-Narciso Dublan,M (2553) Vilafranca de Bonany 2009}) 12. b3 Re8 13. Rae1 Qc8 14. Kh1 Rb8 15. a4 Bb6 16. Rd1 Ba5 17. Qc1 Nb4 18. Bf4 Nc6 19. Ne4 Nb4 20. Bd2 Bc6 $2 (20... d5 $11 {and Black stays safe.} 21. cxd5 b5) 21. d5 $18 Bd7 22. Nf4 {[%cal Be2f4,Bf4h5,Bh5f6][%mdl 32]} Re7 23. Qb2 Qf8 {[#]} 24. Bc3 $1 Rbe8 25. Nf6+ gxf6 26. Nh5 Qh6 27. Nxf6+ Kf8 {[#]} 28. g4 $1 ({Weaker is} 28. Nxe8 Rxe8 29. Kg1 Kg8 $14) 28... Nh4 $2 (28... Ng7 29. g5 (29. Nxe8 Rxe8 30. Qa3 Nc2 $11) 29... Qg6 30. Nxe8 Rxe8) 29. Nxd7+ Rxd7 30. Bxb4 {Black must now prevent Qh8+.} f5 31. Bxa5 Nxg2 32. Kxg2 fxg4 33. Rfe1 {Intending Qh8+ and mate.} Rde7 34. Rxe7 Rxe7 35. Re1 Rxe1 36. Bxe1 Qh3+ 37. Kg1 {Hoping for Qf6+.} Qf3 38. Qh8+ Ke7 39. Qxh7+ Kd8 40. Qg8+ Kd7 41. Qe6+ Kd8 42. Qe3 Qd1 43. Kg2 b6 44. a5 b5 45. Bd2 bxc4 46. bxc4 Kc8 47. Qf4 Kb7 48. Be3 {White mates.} Kb8 49. Qe4 Kc8 50. c5 dxc5 51. Bxc5 Kb8 52. Qe8+ Kb7 53. Qc6+ Kb8 54. d6 {Precision: White = 75%, Black = 34%.} 1-0

[Event "23rd European Women Club Cup 2018"]
[Site "Halkidiki"]
[Date "2018.10.16"]
[Round "5"]
[White "Mammadzada, Gunay"]
[Black "Gunina, Valentina"]
[Result "1-0"]
[WhiteElo "2438"]
[BlackElo "2525"]
[Annotator "TA"]
[PlyCount "75"]
[EventDate "2018.10.12"]
[EventType "team-tourn"]
[EventCountry "GRE"]
[SourceTitle "playchess.com"]
[Source "ChessBase"]
[SourceQuality "1"]
[WhiteTeam "Odlar Yurdu"]
[BlackTeam "Pentole Agnelli"]

{[%evp 20,75,26,11,20,0,-7,-10,-9,-13,0,-15,46,-46,-45,-37,-30,-89,0,0,0,0,3,0,0,0,1,3,1,-18,-12,-5,9,9,47,0,0,0,42,34,67,0,64,-6,-6,-7,919,905,4998,2267,29970,29960,5481,681,29991,29979,29990,29991]} 1. e4 e5 2. Nf3 Nc6 3. Bb5 Nf6 4. O-O Nxe4 5. Re1 Nd6 6. Nxe5 Nxe5 7. Rxe5+ Be7 8. Bf1 O-O 9. d4 Ne8 {C67: Spanische Partie (Berliner Verteidigung)} 10. d5 Bc5 11. Re1 {LiveBook: 11 Partien} Qf6 $146 {Die Stellung ist ausgeglichen.} ({Vorgänger:} 11... d6 12. Nc3 f5 13. Na4 Bxf2+ 14. Kxf2 Qh4+ 15. Kg1 Qxa4 16. Re7 Qh4 17. Qe2 {1-0 (45) Giri,A (2782)-Aronian,L (2767) chess.com INT 2018}) 12. Be3 Bxe3 13. Rxe3 Qxb2 14. Nc3 Qb4 15. Rb1 Qh4 (15... Qf4 $11) 16. Bd3 (16. d6 $14) 16... d6 $1 $15 17. Qe2 Nf6 18. h3 (18. a3 $11 {hält das Gleichgewicht.}) 18... c6 (18... Rb8 $17) 19. Qf3 $11 cxd5 20. Nxd5 Nxd5 21. Qxd5 Be6 22. Qxd6 Rfd8 23. Qe5 b6 24. a3 (24. Re4 {is interesting.} Qe7 25. Bc4 Rac8 26. Rbe1 Rd6 27. Qf4) 24... Rac8 25. Rb4 Qh6 26. Ra4 Rd5 27. Qb2 $40 {[%mdl 128] Schwarz muss sich nun genau verteidigen.} Rd7 28. Rae4 g6 29. Bc4 $1 Rc6 ({Bitte nicht} 29... Rxc4 $6 30. Rxc4 Rd1+ 31. Kh2 $16) 30. Qb4 (30. Bxe6 $14 fxe6 31. Qb5) 30... a5 (30... Rdd6 $11) 31. Qa4 ({Besser ist} 31. Qb5 $14 Rdd6 32. Bb3) 31... Rd1+ 32. Kh2 Bd7 $2 {[%mdl 8192] [#]} (32... Rxc4 $11 33. Rxc4 Bxc4 34. Qxc4 Qf8) 33. Bxf7+ $1 $18 Kg7 34. Re7 Kf8 35. Qe4 Qg5 36. Be8 (36. Ba2 $142 Re6 37. Bxe6 Qxe7 38. Rf3+ Kg7 39. Rf7+ Qxf7 40. Bxf7) 36... Qf5 37. Rf3 Qxf3 38. gxf3 {Precision: Weiß = 46%, Schwarz = 26%.} 1-0

[Event "23rd European Women Club Cup 2018"]
[Site "Halkidiki"]
[Date "2018.10.16"]
[Round "5"]
[White "Osmak, Iulija"]
[Black "Javakhishvili, Lela"]
[Result "0-1"]
[WhiteElo "2405"]
[BlackElo "2475"]
[Annotator "TA"]
[PlyCount "110"]
[EventDate "2018.10.12"]
[EventType "team-tourn"]
[EventCountry "GRE"]
[SourceTitle "playchess.com"]
[Source "ChessBase"]
[SourceQuality "1"]
[WhiteTeam "Kyiv"]
[BlackTeam "Nona"]

{[%evp 22,110,56,-10,74,58,73,83,95,39,71,76,97,114,158,142,146,157,288,126,114,91,102,100,96,104,81,-117,-129,-160,-162,-162,-162,-164,-164,-161,-160,-161,-161,-170,-170,-192,-185,-185,-192,-198,-170,-262,-259,-258,-217,-211,-204,-218,-200,-204,-200,-258,-179,-239,-260,-240,-227,-466,-463,-352,-306,-303,-250,-435,-452,-413,-310,-12816,-333,-883,-507,-494,-466,-29986,-29987,-29987,-29988,-29988,-29989,-29989,-29990,-29991,-29992,-29993,-29994]} 1. d4 d6 2. e4 Nf6 3. Nc3 g6 4. Bf4 c6 5. Qd2 b5 6. Bd3 Nbd7 7. Nf3 Bg7 8. Bh6 O-O 9. Bxg7 Kxg7 10. e5 dxe5 {B08: Pirc Defence: Classical System} 11. dxe5 Ng4 12. Qf4 {LiveBook: 10 Games} ({White should try} 12. Qg5 $14) (12. Qg5 Ndxe5 13. Nxe5 f6 14. Nxc6 Qb6 {½-½ (23) Soham,D (2263)-Ootes,L (2384) Sitges 2017}) 12... Nc5 (12... Ndxe5 $1 $11 {remains equal.} 13. Nxe5 Qd6) 13. h3 Nxd3+ $146 ({Predecessor:} 13... Nh6 14. Rd1 Qc7 15. h4 Bg4 16. h5 Ne6 {1-0 (107) Osuna Vega,E (2136)-Andersen,N (1965) Caleta 2010}) 14. cxd3 Nh6 15. d4 (15. O-O $16) 15... b4 16. Ne4 Qd5 17. O-O f6 18. Rfe1 a5 19. Rac1 Be6 (19... fxe5 $16 {keeps fighting.} 20. Qxe5+ Qxe5 21. Nxe5 Be6 22. Nxc6 (22. Rxc6 Bxa2 23. Rc7 Nf5 $16) 22... Bxa2) 20. a3 (20. exf6+ $18 {has better winning chances.} exf6 21. Nc5) 20... fxe5 $16 21. Qxe5+ Qxe5 22. Nxe5 Bd5 23. axb4 axb4 24. Nxc6 $2 {[#]} (24. Nc5 $16 {keeps the pressure on.}) 24... Rfc8 $1 $17 {[%cal Rc8c6]} 25. Nxb4 Rxc1 26. Rxc1 Bxe4 27. Re1 {[#]} Ra4 $1 28. Rxe4 Rxb4 29. Rxe7+ $19 {[%mdl 4096] Endgame KRN-KR} Nf7 30. Re2 Rxd4 31. f3 Kf6 32. Kf2 Nd6 33. Rc2 Rb4 34. Ke2 (34. g4 $142) 34... Rb3 35. Kd2 Ke6 36. Kc1 h5 37. Re2+ Kf5 38. Kc2 Rb8 39. g4+ Kf6 40. h4 (40. Rd2 {was necessary.} Ke6 41. Rd4) 40... Rb4 41. Rd2 Nf7 42. Rd5 $2 (42. Kc3 Rf4 43. gxh5 gxh5 44. b4) 42... hxg4 43. Kc3 Rf4 44. fxg4 Rxg4 45. h5 $2 (45. Rd4 {was the only defense.} Rg1 46. Kc4) 45... g5 46. b4 Ke6 47. Rd4 $2 (47. Ra5) 47... Rh4 $2 (47... Rxd4 48. Kxd4 Kf5) 48. b5 $2 (48. Rd1) 48... Rxh5 49. b6 Nd6 {Hoping for ...Nb5+.} 50. Kb4 (50. Rb4 $19 Rh7 51. Kc2) 50... Rh4 {Black mates.} 51. Kc5 Nb7+ 52. Kc4 Ke5 53. Rxh4 gxh4 {[%cal Bg5h4,Bh4h3,Bh3h2][%mdl 32]} 54. Kd3 h3 55. Ke3 h2 {Precision: White = 25%, Black = 59%.} 0-1

[Event "23rd European Women Club Cup 2018"]
[Site "Halkidiki"]
[Date "2018.10.16"]
[Round "5"]
[White "Melia, Salome"]
[Black "Gaponenko, Inna"]
[Result "0-1"]
[WhiteElo "2387"]
[BlackElo "2409"]
[Annotator "TA"]
[PlyCount "76"]
[EventDate "2018.10.12"]
[EventType "team-tourn"]
[EventCountry "GRE"]
[SourceTitle "playchess.com"]
[Source "ChessBase"]
[SourceQuality "1"]
[WhiteTeam "Nona"]
[BlackTeam "Kyiv"]

{[%evp 18,76,51,14,52,-23,-22,-28,0,-58,-21,-36,0,-38,0,-58,-58,-64,-78,-44,-64,-56,-53,-59,-49,-136,-147,-123,-126,-265,-242,-57,-9,-21,-31,-18,-8,-46,-32,-161,-169,-161,-141,-163,-169,-165,-165,-149,-73,-99,-30,-31,-31,-77,-66,-137,-139,-130,-4,-10,-17]} 1. e4 c5 2. Nf3 e6 3. d4 cxd4 4. Nxd4 Nf6 5. Nc3 d6 6. g4 h6 7. h3 Nc6 {[%cal Bb8c6,Bc6e5,Be5c4][%mdl 32]} 8. Bg2 Bd7 9. Be3 Be7 {B81: Sicilian Scheveningen: Keres Attack} (9... a6 10. Qd2 Ne5 11. b3 g5 12. O-O-O Rc8 13. Kb1 Be7 14. f4 gxf4 15. Bxf4 Qa5 16. Nce2 Qxd2 17. Bxd2 {0-1 (50) Fedorchuk,S (2640)-Guliyev,N (2566) Paris 2017}) 10. Qe2 {LiveBook: 6 Games} Rc8 11. O-O (11. f4 $1 $14) 11... Ne5 $11 {Black has an edge.} 12. a4 $146 ({Predecessor:} 12. Rad1 Nc4 13. Bc1 Qb6 14. b3 Ne5 15. Bb2 O-O 16. Kh1 Ng6 17. f4 {0-1 (55) Raczynski,K (2111)-Garbowski,J (2129) Poznan 2018}) 12... g5 13. Rfd1 (13. a5 $11) 13... a6 14. Nf3 Nc4 15. Bc1 Qa5 16. Rb1 ({White should play} 16. e5 $11 dxe5 17. Ne4) 16... h5 $1 $15 17. e5 Nxe5 ({Reject} 17... hxg4 $6 18. exf6 gxf3 19. Bxf3 $11) 18. Nxe5 Qxe5 19. Qxe5 dxe5 20. Bxb7 Rb8 21. Bf3 ({White should try} 21. Bxa6 $15 hxg4 22. Bxg5) 21... hxg4 $17 22. hxg4 Rb4 $1 23. b3 (23. Bxg5 $17 {might work better.} Nxg4 24. Bxe7 Kxe7 25. Bg2) 23... Nxg4 $19 {Hoping for ...Nh2.} 24. Ne4 Nf6 (24... Nh2 $5 25. Bg2 $8 g4 $15) 25. Nd6+ Kf8 $1 {...Rh3 is the strong threat.} 26. Nc4 $1 e4 $36 {[%mdl 2048] Black has good play.} 27. Bg2 Nd5 28. Ne3 {[#]} ({Better is} 28. Bxe4 $15 Be8 29. Re1) 28... Bc6 $1 29. Nxd5 exd5 ({But not} 29... Bxd5 30. c4 $17) 30. Bb2 f6 31. Bd4 Kf7 32. Bf1 Ra8 (32... a5 $142 33. Bc3 Rbb8 34. Bxa5 Bd6) 33. c4 $17 dxc4 (33... Bd6 $17 {Strongly threatening ...Rab8.} 34. cxd5 Bd7) 34. Bxc4+ $11 Kg6 35. Bc3 Rb7 36. Kf1 (36. Rbc1 $15) 36... Rh8 $17 37. Bxa6 Rd7 (37... Rb6 $17 38. Bc4 {[#]} Bxa4 $1 {[%mdl 512]}) 38. Rxd7 $11 Bxd7 {[%mdl 32768] Precision: White = 36%, Black = 53%. . Loss on Time!?} 0-1

[Event "23rd European Women Club Cup 2018"]
[Site "Halkidiki"]
[Date "2018.10.16"]
[Round "5"]
[White "Shvayger, Yuliya"]
[Black "Grapsa, Georgia"]
[Result "1-0"]
[WhiteElo "2375"]
[BlackElo "2085"]
[Annotator "TA"]
[PlyCount "111"]
[EventDate "2018.10.12"]
[EventType "team-tourn"]
[EventCountry "GRE"]
[SourceTitle "playchess.com"]
[Source "ChessBase"]
[SourceQuality "1"]
[WhiteTeam "Beer Sheva"]
[BlackTeam "Thessaloniki"]

{[%evp 15,111,28,26,27,48,15,26,14,36,42,39,17,62,69,80,87,95,79,117,99,160,147,156,162,226,129,122,117,118,108,114,98,131,126,125,122,136,132,115,30,35,31,49,36,33,37,74,11,20,6,12,13,25,1,30,28,30,35,33,31,54,54,98,55,58,51,96,25,64,58,100,94,93,87,128,91,94,0,113,82,104,68,106,102,215,207,195,193,213,197,393,410,744,738,764,744,896,715]} 1. e4 c5 2. Nf3 d6 3. d4 cxd4 4. Nxd4 Nf6 5. Nc3 a6 6. Be3 e5 7. Nf3 {[%cal Bd4f3,Bf3h4,Bh4f5][%mdl 32]} h6 8. Bc4 Be7 9. O-O {B90: Sicilian Najdorf: Unusual White 6th moves, 6 Be3 Ng4 and 6 Be3 e5} O-O 10. Bb3 Be6 11. Nh4 {White has an edge.} Nbd7 12. Nf5 Nc5 13. Bd5 Nxd5 14. Nxd5 Bxf5 15. exf5 Bg5 16. Qg4 Nd7 17. Rad1 Rc8 (17... Bxe3 $142 18. Nxe3 Nf6) 18. Bxg5 $16 hxg5 {[#]} 19. f6 $1 {[%mdl 512]} Re8 (19... Nxf6 $142 20. Qxc8 Qxc8 21. Ne7+ Kh7 22. Nxc8 Rxc8) 20. Ne7+ ({Stronger than} 20. Qxg5 Nxf6 21. Nxf6+ Qxf6 $11) (20. fxg7 $18 {Ne3 is the strong threat.} Nc5 21. Ne3) 20... Rxe7 21. fxe7 Qxe7 22. c3 g6 23. Rd2 Kg7 24. Rfd1 Rc6 25. Qb4 Nc5 26. Rd5 f5 27. R1d2 ({Better is} 27. f3 $16) 27... Ne4 $11 28. Re2 {And now Rxe5! would win.} Qc7 {[%cal Re4c3]} 29. Rxe4 fxe4 30. Qxe4 $14 {[%mdl 4096] Endgame KQR-KQR} Qf7 31. g3 (31. h3 $16) 31... g4 32. Qd3 Qe6 33. a4 Kf7 34. Qd2 Ke8 35. c4 Qf5 36. Qd1 Ke7 37. b3 g5 38. Rd3 Qe6 39. Qd2 Qf5 40. Re3 Kd7 41. Qe2 (41. Qd5 $16) 41... Ke6 42. Qd1 Ke7 43. Qd5 Kd7 44. Kg2 Kc7 45. Rd3 Kb8 46. Re3 ({White should try} 46. b4 $16) 46... Ka7 (46... Kc7 $1 $11) 47. a5 Rc5 48. Qd2 Rc6 49. Qe2 Rc5 (49... b6 $16) 50. b4 $18 Rc7 51. Re4 Rf7 52. Rxg4 d5 $2 {[#]} (52... Kb8 {might work better.} 53. f3 Qf6) 53. cxd5 e4 (53... Ka8 $142 54. Re4 Re7) 54. Qe3+ {White is clearly winning.} Kb8 55. Rxg5 Qh7 56. Re5 {Precision: White = 51%, Black = 28%.} 1-0

[Event "23rd European Women Club Cup 2018"]
[Site "Halkidiki"]
[Date "2018.10.16"]
[Round "5"]
[White "Ovod, Evgenija"]
[Black "Cramling, Pia"]
[Result "1/2-1/2"]
[WhiteElo "2363"]
[BlackElo "2465"]
[Annotator "TA"]
[PlyCount "55"]
[EventDate "2018.10.12"]
[EventType "team-tourn"]
[EventCountry "GRE"]
[SourceTitle "playchess.com"]
[Source "ChessBase"]
[SourceQuality "1"]
[WhiteTeam "SSHOR"]
[BlackTeam "Monte-Carlo"]

{[%evp 13,55,29,51,-6,2,0,5,3,27,-25,0,0,14,-16,-8,-8,0,-6,28,32,38,38,37,29,35,16,33,0,0,0,0,0,0,0,10,0,21,0,0,0,47,0,0,0]} 1. e4 c5 2. Nf3 e6 3. d4 cxd4 4. Nxd4 a6 5. c4 Nf6 6. Nc3 Bb4 7. Qd3 {B41: Sicilian: Kan Variation: 5 c4} O-O {LiveBook: 34 Games} (7... Qc7 8. Nc2 Bc5 9. Be2 O-O 10. O-O Nc6 11. Kh1 d6 12. f4 Bd7 13. a3 Rad8 14. b4 Ba7 {½-½ (115) Karjakin,S (2782)-Caruana,F (2816) Paris 2018}) 8. Bd2 ({White should play} 8. e5 $14 Ne8 9. Be2) 8... d6 9. a3 Bc5 10. b4 Ba7 $146 ({Predecessor:} 10... Bxd4 11. Qxd4 Nc6 12. Qd3 d5 13. exd5 exd5 14. Nxd5 Nxd5 15. cxd5 {0-1 (25) Grandadam,N (2285)-Nikolov,M (2515) Deizisau 2014}) 11. h3 (11. Be2 $142) 11... e5 12. Nc2 Be6 13. Rd1 Nc6 14. Be3 Bxe3 15. Nxe3 a5 16. b5 Nd4 17. Ne2 Nxe2 18. Bxe2 Qc7 19. g4 Rad8 20. g5 Nd7 21. Qxd6 Qxd6 22. Rxd6 Nc5 23. Rxd8 Rxd8 24. f3 Rd4 25. Nc2 Rd6 26. Ne3 Rd4 27. Nc2 Rd6 28. Ne3 {Precision: White = 28%, Black = 36%.} 1/2-1/2

[Event "23rd European Women Club Cup 2018"]
[Site "Halkidiki"]
[Date "2018.10.16"]
[Round "5"]
[White "Kovanova, Baira"]
[Black "Neuhauser, Salome"]
[Result "1-0"]
[WhiteElo "2350"]
[BlackElo "2115"]
[Annotator "TA"]
[PlyCount "105"]
[EventDate "2018.10.12"]
[EventType "team-tourn"]
[EventCountry "GRE"]
[SourceTitle "playchess.com"]
[Source "ChessBase"]
[SourceQuality "1"]
[WhiteTeam "Ugra"]
[BlackTeam "Mulhouse"]

{[%evp 16,105,0,0,20,-4,-7,11,15,30,68,63,64,67,139,131,131,139,154,145,143,108,180,183,182,171,158,181,168,156,168,137,165,169,179,172,343,337,335,180,254,243,452,380,396,404,417,416,399,402,391,218,284,289,269,298,283,279,383,386,471,454,483,372,358,366,558,558,1962,1500,29988,29987,29989,748,748,748,734,708,643,367,755,743,729,644,695,624,608,608,548,516,714,565]} 1. d4 Nf6 2. Nf3 g6 3. Bf4 Bg7 4. e3 O-O 5. h3 d6 6. Be2 b6 7. O-O Bb7 8. Nbd2 Nbd7 9. a4 {LiveBook: 17 Partien. A48: Königsindisch (ohne c2-c4)} c5 10. a5 bxa5 11. Nb3 {Die Stellung ist ausgeglichen.} (11. Nc4 Ba6 12. Nxa5 Bxe2 13. Qxe2 Qb6 14. c3 Ne4 15. Qc2 d5 16. Nd2 Nxd2 17. Qxd2 {1-0 (56) Carlsen,M (2832)-Guseinov,G (2645) chess.com INT 2017}) 11... Qb6 12. Nxa5 Nd5 $146 ({Vorgänger:} 12... Bd5 13. c4 Be4 14. Ra2 d5 15. Qa4 cxd4 16. exd4 dxc4 17. Nxc4 {½-½ (34) Tu,H (2483)-Bu,X (2685) Ottawa 2007}) 13. Bg5 cxd4 14. exd4 Ba6 (14... Rab8 $14) 15. c4 $16 N5f6 16. Be3 Qc7 17. d5 Nb6 18. Nc6 Bc8 (18... Bb7 $16 {war einen Versuch wert.}) 19. Nfd4 a6 20. Qb3 $36 {[%mdl 2048] Schwarz steht unter starkem Druck.} Re8 21. Rfc1 Nbd7 22. Qd1 Bb7 23. b4 e5 24. dxe6 fxe6 {[#] Weiss muss nun ...e5 beachten.} 25. Na5 $1 Rab8 $2 (25... e5) 26. Nxb7 $18 Qxb7 27. Rab1 (27. b5 $142) 27... e5 (27... Ne5 $142 28. b5 a5) 28. Nb3 {[%cal Bd4b3,Bb3a5,Ba5c6][%mdl 32]} d5 $2 (28... Bf8 {war nötig.} 29. c5 Qc6 30. cxd6 Qxd6 31. Qxd6 Bxd6) 29. Na5 Qa8 30. cxd5 Nxd5 31. Nc6 Nxe3 32. fxe3 Rb7 33. Bf3 (33. Ra1 $142 Nf6 34. Rxa6) 33... Nf6 34. Na5 e4 35. Nxb7 Qxb7 36. Be2 Bh6 37. Qd4 Rf8 38. Rf1 Bg7 39. Qc4+ Kh8 40. Qxa6 Qd5 (40... Qxa6 $142 41. Bxa6 Nd5) 41. Rbc1 Qd2 42. Rc8 Nd7 43. Rcxf8+ Nxf8 {[#]} 44. Qa8 (44. Rxf8+ $142 $1 Bxf8 45. Qa1+ Qb2 46. Qxb2+ Bg7 47. Qxg7+ Kxg7 48. b5 g5 49. b6) 44... Qxb4 45. Qd5 h5 46. Bc4 {[%csl Gc4][%cal Rd5g8]} Kh7 47. Qxe4 Qc3 $2 (47... Qd6 48. Rf7 Kh6 49. Qf4+ Qxf4 50. exf4 Nh7) 48. Rf7 {Weiß steht klar auf Gewinn.} Kh8 49. Kh1 Qa1+ 50. Rf1 Qa3 51. Qd5 {[%csl Gc4][%cal Rd5g8]} Kh7 52. e4 {[%cal Be3e4,Be4e5][%mdl 32]} Qe7 53. e5 {Precision: Weiß = 69%, Schwarz = 37%.} 1-0

[Event "23rd European Women Club Cup 2018"]
[Site "Halkidiki"]
[Date "2018.10.16"]
[Round "5"]
[White "Balajayeva, Khanim"]
[Black "Tsolakidou, Stavroula"]
[Result "1-0"]
[WhiteElo "2326"]
[BlackElo "2393"]
[Annotator "TA"]
[PlyCount "61"]
[EventDate "2018.10.12"]
[EventType "team-tourn"]
[EventCountry "GRE"]
[SourceTitle "playchess.com"]
[Source "ChessBase"]
[SourceQuality "1"]
[WhiteTeam "Odlar Yurdu"]
[BlackTeam "Pentole Agnelli"]

{[%evp 20,61,18,8,23,0,46,30,52,55,93,93,118,121,127,127,317,337,334,328,328,330,383,218,222,108,279,114,114,114,116,118,118,93,80,91,512,488,524,523,508,515,594,586]} 1. e4 c5 2. c3 d5 3. exd5 Qxd5 4. d4 Nc6 5. Nf3 Bg4 6. Be2 cxd4 7. cxd4 e6 8. O-O Qa5 9. h3 Bxf3 10. Bxf3 Nf6 11. Nc3 Rd8 {B22: Sicilian: 2 c3} 12. Be3 Bd6 $146 ({Predecessor:} 12... Be7 13. Qb3 Nxd4 14. Bxd4 Rxd4 15. Qxb7 Qb6 16. Nb5 Qxb7 17. Bxb7 Rb4 18. Bc6+ Kf8 19. Nxa7 {1-0 (60) Kostin,A (2412)-Morozov,E (2291) Voronezh 2007}) 13. Qb3 Rd7 {White has an edge.} 14. Rfd1 O-O 15. d5 Nxd5 16. Bxd5 exd5 17. Rxd5 Qd8 $2 (17... Qb4 $16 {was necessary.}) 18. Rad1 $18 Re8 19. Nb5 {[%cal Bc3b5,Bb5d4,Bd4f5][%mdl 32]} Re6 20. Bg5 (20. Rxd6 $6 Rexd6 21. Nxd6 (21. Rxd6 Rxd6 22. Nxd6 Qxd6 $18) 21... Rxd6 $18) (20. Nxa7 Nxa7 21. Bxa7 Bc7 $16) 20... Ne7 {Strongly threatening ...Bh2+!} 21. Bxe7 (21. Nxd6 Rexd6 22. Rxd6 Rxd6 $18) (21. Rxd6 Rexd6 22. Nxd6 (22. Rxd6 Rxd6 23. Nxd6 Qxd6 $18) 22... Rxd6 $16) (21. g3 $142) 21... Qxe7 22. Qc3 (22. Nxd6 $18 {is more deadly.} Rexd6 23. Rxd6 Rxd6 24. Rxd6 Qxd6 25. Qxb7) 22... h6 $2 {[#]} (22... g6 $16) 23. g3 ({Don't play} 23. Nxd6 $6 Rexd6 24. Rxd6 Rxd6 $18) (23. Nxa7 Qe8 $11) (23. Kf1 $1 $18 {is the precise move to win.}) 23... a6 $16 24. Nd4 $36 {[%mdl 2048] Black is under strong pressure.} Rc7 25. Nf5 {[%csl Gf5][%cal Rc3g7]} ({Much weaker is} 25. Nxe6 $6 Rxc3 26. bxc3 Qxe6 $11) 25... Qf8 26. Qa5 Rd7 {[#]} 27. Qa4 $1 {[%cal Ra4d7]} Rd8 $2 {[%mdl 8192]} (27... b5 $16 {is tougher.} 28. Qg4 (28. Qxa6 Bxg3 29. Qxb5 Rxd5 $11) 28... g6) 28. Qd4 $18 {White is clearly winning.} Bc7 29. Rxd8 Bxd8 30. Qxd8 Re1+ 31. Kg2 {Precision: White = 52%, Black = 18%.} 1-0